000 00504nam a2200181Ia 4500
005 20250326124740.0
008 250326s9999 xx 000 0 und d
037 _aTextbook
040 _aFMSL
_beng
_cFMSL
041 _aeng
_2eng
084 _aX:89A L2;1
_qFMSL
100 _aMartino J P
245 0 _aTechnological forecasting for decisionmaking
_cMartino J P
260 _aNY
_bNY, American Elsevier
_c1972
300 _a750p
942 _cTB
_hX:89A L2;1
999 _c1275027
_d1275027